000 00885nam a2200193 a 4500
001 000042316
005 20201002040056.0
008 131122s1981 mx af 001 0 spa d
020 _a9687108169
040 _aDO-SdBNP
_bspa
_cBNPHU
082 _axxx
_bxxx
245 0 0 _aAlbum conmemorativo del 450 aniversario de las apariciones de Nuestra Señora de Guadalupe /
_cpresentación del Excmo. Sr. D. Francisco M. Aguilera Obispo Auxiliar de México , preámbulo del Excmo. Sr. Cardenal D. Ernesto Corripio Ahumada Arzobispo Pimado de México ; epílogo del Revmo. Sr. D. Guillermo Schulenburg Prado Abad de Guadalupe.
260 _aMéxico :
_bBuena Nueva,
_c1981.
300 _a299 p. :
_bil., lám. ;
_c35 cm.
500 _aIncluye índice
700 1 _aAguilar, Francisco M.
_969373
700 1 _aCorripio Ahumada, Ernesto
_969374
700 1 _aPrado Abad, Guillermo Schulenburg
_969375
999 _c41805
_d41805